000 00305nam a2200133Ia 4500
008 240624s9999 xx 000 0 und d
041 _aeng
082 _a823 MAC
100 _aMACLEAN S G
245 _aCRUCIBLE
260 _c2012
_aNew Delhi
_bQuercus
300 _a472 : p. : cm. ; 20
365 _cRS
_b25
999 _c19868
_d19868